Pohyb vo virtuálnej krajine = Movement in virtual space : Dipl.práca

Gespeichert in:
Bibliographische Detailangaben
1. Verfasser: Jakubovič, Ján (Verfasst von)
Weitere Verfasser: Šperka, Martin, 1945- (Betreuung Doktorarbeit)
Format: Manuskript Buch
Sprache:Slowakisch
Veröffentlicht: Bratislava : STU v Bratislave FEI, 1998
Schlagworte:
Tags: Tag hinzufügen
Keine Tags, Fügen Sie das erste Tag hinzu!

MARC

LEADER 00000ntm a22000003a 4500
001 stu50293
005 20160719164927.2
008 990716s1998------------------------slo-d
040 |a STU  |b slo 
041 0 |a slo 
100 1 |a Jakubovič, Ján  |4 aut 
245 1 |a Pohyb vo virtuálnej krajine = Movement in virtual space :  |b Dipl.práca 
260 |a Bratislava :  |b STU v Bratislave FEI,  |c 1998 
300 |a 50 s., disketa 
650 7 |a informatika  |2 stusub 
700 1 |a Šperka, Martin,  |d 1945-  |4 ths  |u E220  |U FEI Fakulta elektrotechniky a informatiky  |T FEI Katedra informatiky a výpočtovej techniky  |X 1924  |U E220  |Y 69  |7 1924 
996 |b EDIPL-5764  |c I*DIPL-5764  |l II680  |s A  |a 24  |w stu50293_0001